000 00806nam a2200229 a 4500
003 MX-MxUPN
005 20241001063906.0
008 991125s1938 sp r 000 0 spa d
035 _aUPN01000041318
040 _aMX-MxUPN
_bspa
_cMX-MxUPN
041 0 _aspa
050 1 4 _aBF721
_bL6.5 1938
100 1 _aLoosli-Usteri, Margarita
_951396
245 1 4 _aLos niños difíciles y su medio ambiente familiar :
_bla actividad de una consulta médico-pedagógica
260 _aMadrid :
_bEspasa-Calpe,
_c1938.
300 _a235 páginas
490 0 _aColección de actualidades pedagógicas
650 4 _aNiño, Estudio del
_9221
700 1 _aClaparède, Edouard,
_d1873-1940
_eintroducción
_930301
710 2 _aInstituto Nacional de Pedagogía (México)
_epropietario anterior
_928088
942 _2lcc
_cLIBRO
999 _c41318
_d41318